000 00263nam a22001097a 4500
008 180806b xxu||||| |||| 00| 0 eng d
082 _a813.52
245 _aDeveloping Mathematics through Appliactions
_cVPG
260 _c2003
300 _a1
_fCD
942 _2ddc
_cMX
999 _c46873
_d46873